000
00263nam a2200097Ia 4500
008
230508s2005 xx 000 0 und d
041
_a
eng
100
_a
JOSHI MADHURI
245
_a
ELECTRONICS COMPONENTS & MATERIALS 3RD EDN.
260
_b
SHROFF PUBLI.&DIST.L
_c
2005
999
_c
730955
_d
730955